Statistiques concernant Littérature commençant par la lettre N

Cliquez ici pour prendre le quiz!

Statistiques générales

  • Ce quiz a été pris 420 fois
  • Le résultat moyen est 12 sur 20

Statistiques - réponses

IndicesRéponses% Correct
Cathédrale où habite QuasimodoNotre-Dame
98%
A force de contempler son reflet dans l'eau, il se changea en fleur à qui il donna son nomNarcisse
95%
Série de C.S. Lewis se déroulant dans le royaume du même nom où vit le lion AslanNarnia
86%
Capitaine de ce sous-marinNemo
82%
Romancière belge ayant vécu au Japon, en Chine, aux Etats-Unis,... et résidant actuellement à ParisAmélie Nothomb
78%
Apothicaire et auteur français surtout connu pour ses prédictionsNostradamus
78%
Célèbre manga mettant en scène le personnage du même nom, troisième manga le plus vendu au mondeNaruto
76%
Sous-marin dans 20 000 lieues sous les mersNautilus
75%
Jeune fille dont Titeuf est amoureuxNadia
75%
Neuvième roman de la série Les Rougon-Macquart traitant de la prostitutionNana
74%
Personnage de Sempé et Goscinny ami de Clotaire, Alceste, Eudes,...Nicolas
68%
Nom du Pays imaginaire où habite Peter Pan en version originaleNeverland
65%
Maître d'hôtel du château de MoulinsartNestor
64%
Architecte chargé par Cléopatre de lui construire un palais en trois mois et aidé par Astérix, Obélix et PanoramixNumérobis
64%
Poète chilien prix Nobel de littérature en 1971Pablo Neruda
53%
Écrivain et poète français romantique, notamment célèbre pour son recueil Les Filles du feuGérard de Nerval
34%
Soeur de François Ier, auteure du recueil de nouvelles inachevé L'HeptaméronMarguerite de Navarre
15%
Cadet de Gascogne aidé par Cyrano pour séduire RoxaneChristian de Neuvillette
11%
Poétesse et romancière française d'origine roumaine, elle est connue pour le lyrisme de son recueil de poèmes Le Cœur innombrableAnna de Noailles
8%
Autobiographie de cette dernière qui raconte son aventure avec le dénommé RinriNi d’Ève ni d'Adam
6%

Distribution des résultats

Percentile par nombre de réponses

% des personnes avec chaque résultat

Votre développement - résultats

Vous n’avez pas pris ce quiz